01992cam a2200337 i 4500999001500000001000900015003000600024005001700030008004100047010001700088020002300105040002800128042000800156050002500164082002100189100005900210245014500269264003300414300002300447336002600470337002800496338002700524500002000551505063300571650005701204650005501261776015701316906004501473942001201518952012401530 c9554d955419766812GBCCL20241126110714.0170702s2018 ilu 001 0deng  a 2017031557 a9781433557866 (hc) aDLCbengcDLCerdadDLC apcc00aBV4647.H67bB88 201800a241.671223bBUT1 aButterfield, Rosaria Champagne,d1962-eauthor.91662014aThe Gospel comes with a house key :bpracticing radically ordinary hospitality in our post-Christian world /cRosaria Champagne Butterfield. 1aWheaton :bCrossway,c[2018] a240 pages ;c23 cm atextbtxt2rdacontent aunmediatedbn2rdamedia avolumebnc2rdacarrier aIncludes index.0 aRadically ordinary hospitality -- Priceless: the merit of hospitality -- The Jesus paradox: the vitality of hospitality -- Our post Christian world: the kindness of hospitality -- God never gets the address wrong: the providence of hospitality -- The Gospel comes with a house key: the seal of hospitality -- Judas in the church: the borderland of hospitality -- Giving up the ghosts: the lamentation of hospitality -- The daily grind: the basics of hospitality -- Blessed are the merciful: the hope of hospitality -- Walking the Emmaus Road: the future of hospitality -- Feeding the 5000: the nuts and bolts and beans and rice. 0aHospitalityxReligious aspectsxChristianity.916621 0aStrangersxReligious aspectsxChristianity.91662208iOnline version:aButterfield, Rosaria Champagne, 1962- author.tGospel comes with a house keydWheaton : Crossway, 2018z9781433557873w(DLC) 2018000815 a7bcbccorignewd1eecipf20gy-gencatlg 2ddccBK 00102ddc4070aGBCbGBCcTHd2023-03-14l1o241.671 BUTp016047r2026-03-18 18:50:30s2026-03-09tc.1w2023-03-14yBK